Statistics for Afghabwe Quiz

Click here to take the quiz!

General Stats

  • This quiz has been taken 39 times
  • The average score is 4 of 8

Answer Stats

QuestionAnswer% Correct
What is my country?Turkey
90%
My nationality?Turkish
83%
Most populous city that I have been to?Istanbul
72%
The country I want to live in when I grow up?United States
55%
My real name?Selim
34%
The city I live in?Gaziantep
24%
Hotel?Trivago
24%
My biggest dream?World tour
14%

Score Distribution

Percentile by Number Answered

Percent of People with Each Score

Your Score History

You have not taken this quiz